000 00388 a2200109 4500
001 ART_37741
005 20260410162005.0
008 260409a
245 1 0 _aDerecho de niñas, niños y adolescentes al cuidado del propio cuerpo en el Código Civil y Comercial
100 1 _aFamá, María V.
773 0 _tTemas de derecho civil
_g- Año 2, Nº 3 (mar. 2016)
_wREV34778
999 _c31618
_d31618